[Event "Elitserien(Kamraterna-Limhamn)"]
[Site "?"]
[Date "2004.??.??"]
[Round "4"]
[White "Madebrink, Lars"]
[Black "Holst, Conny"]
[Result "1-0"]
[WhiteElo "2216"]
[BlackElo "2262"]
[PlyCount "81"]

1. Nf3 Nf6 2. c4 g6 3. Nc3 Bg7 4. d4 O-O 5. g3 d6 6. Bg2 Nc6 7. O-O a6 8. h3
Rb8 9. Be3 b5 10. Nd2 Bd7 11. d5 Na5 12. c5 dxc5 13. Bxc5 b4 14. Na4 Qe8 15. b3
Bxa4 16. bxa4 Nd7 17. Rc1 Qd8 18. Be3 Nb6 19. Nb3 Nac4 20. Bd4 Nb2 21. Qc2
N2xa4 22. Bxg7 Kxg7 23. Na5 Qd6 24. Nc6 Rb7 25. e4 Nc3 26. a3 e5 27. axb4 Nb5
28. Qb2 f6 29. Ra1 Ra8 30. Rfc1 Nd7 31. Bf1 Rb6 32. Ra4 Nd4 33. Nxd4 exd4 34.
Qxd4 Rab8 35. Qc3 Rxb4 36. Rxb4 Rxb4 37. Qxc7 Rb6 38. Qxd6 Rxd6 39. Rc6 Rxc6
40. dxc6 Nb6 41. c7 1-0

[Event "Elitserien(Kamraterna-Limhamn)"]
[Site "?"]
[Date "2004.??.??"]
[Round "4"]
[White "Penalver, Osmani"]
[Black "Martensson, Ulf"]
[Result "1-0"]
[WhiteElo "2232"]
[BlackElo "2158"]
[PlyCount "113"]

1. d4 d5 2. c4 e6 3. Nc3 Nf6 4. Bg5 Be7 5. cxd5 exd5 6. e3 c6 7. Bd3 Nbd7 8.
Qc2 Nf8 9. Nge2 Ne6 10. Bh4 g6 11. O-O O-O 12. Bxf6 Bxf6 13. b4 a6 14. Na4 Ng7
15. Nc5 Be7 16. a4 Bd6 17. Rfc1 Qe7 18. Ng3 Bxg3 19. hxg3 Bf5 20. Qb3 Bxd3 21.
Nxd3 Nf5 22. b5 axb5 23. axb5 Nxg3 24. Nf4 Rxa1 25. Rxa1 Nf5 26. Ra7 Qd6 27.
Nd3 Rb8 28. Nc5 cxb5 29. Qxb5 Qc6 30. Qb3 Nd6 31. g3 Kg7 32. Kg2 Kg8 33. Ra6
bxa6 34. Qxb8+ Nc8 35. Nd3 Kg7 36. Ne5 Qe6 37. Qb7 Ne7 38. Kg1 h6 39. Nd3 g5
40. Nc5 Qd6 41. Nxa6 h5 42. Nc7 Qd7 43. Qb8 Qf5 44. Ne8+ Kh7 45. Qd6 Ng8 46.
Qf8 Qg6 47. Nd6 Nh6 48. Qe7 h4 49. Qe5 hxg3 50. Qxg3 g4 51. Qe5 Qe6 52. Qf4 f6
53. Nb7 Kg6 54. Nc5 Qf5 55. Qb8 Qf3 56. Qe8+ Kh7 57. Qe7+ 1-0

[Event "Elitserien(Kamraterna-Limhamn)"]
[Site "?"]
[Date "2004.??.??"]
[Round "4"]
[White "Danerud, Martin"]
[Black "Tadjerbashi, Amir"]
[Result "1/2-1/2"]
[WhiteElo "2021"]
[BlackElo "2258"]
[PlyCount "158"]

1. d4 d5 2. Nf3 Nf6 3. e3 c6 4. Bd3 e6 5. Nbd2 Nbd7 6. O-O Bd6 7. e4 dxe4 8.
Nxe4 Nxe4 9. Bxe4 Nf6 10. Bd3 h6 11. Re1 O-O 12. c3 b6 13. Qe2 Bb7 14. Ba6 Bxa6
15. Qxa6 Qc7 16. Qe2 c5 17. dxc5 Qxc5 18. Be3 Qh5 19. Bd4 Nd5 20. Be5 Bc5 21.
Qe4 Be7 22. Rad1 Rad8 23. h3 Nf6 24. Qb7 Rxd1 25. Rxd1 Re8 26. Qxa7 Ne4 27. Qa4
f5 28. Qc6 Bc5 29. Bd4 e5 30. Bxc5 bxc5 31. Qc7 Ng5 32. Rd7 Nxf3+ 33. gxf3 Qg6+
34. Kf1 e4 35. fxe4 fxe4 36. Qxc5 e3 37. Qd5+ Kh8 38. fxe3 Rf8+ 39. Ke2 Qc2+
40. Qd2 Qb1 41. Qd1 Qxb2+ 42. Rd2 Qb5+ 43. Rd3 Qb7 44. Rd4 Qa6+ 45. c4 Qxa2+
46. Qd2 Qb1 47. Qd1 Qf5 48. Rf4 Qh5+ 49. Ke1 Qe8 50. Rxf8+ Qxf8 51. Qd4 Qb4+
52. Ke2 Qa4 53. h4 Qc2+ 54. Kf3 Qf5+ 55. Qf4 Qd3 56. Qd4 Qf5+ 57. Kg3 Qg6+ 58.
Kf4 Qf7+ 59. Ke5 Qe7+ 60. Kd5 Qb7+ 61. Kc5 Qb3 62. e4 Qa3+ 63. Kd5 Qa8+ 64. Ke5
Qe8+ 65. Kf4 Qf8+ 66. Kg3 Qa3+ 67. Kg4 h5+ 68. Kxh5 Qg3 69. Qd7 Kh7 70. Qf7
Qe5+ 71. Kg4 Qxe4+ 72. Qf4 Qe2+ 73. Kg3 Qd3+ 74. Kh2 Qc2+ 75. Kh3 Qd3+ 76. Kh2
Qc2+ 77. Kh3 Qd3+ 78. Kg4 Qg6+ 79. Kf3 Qd3+ 1/2-1/2

[Event "Elitserien(Astorp-Skara)"]
[Site "?"]
[Date "2004.??.??"]
[Round "4"]
[White "Djurhuus, Rune"]
[Black "Sjodahl, Pontus"]
[Result "1-0"]
[WhiteElo "2578"]
[BlackElo "2435"]
[PlyCount "71"]

1. e4 e6 2. d4 d5 3. e5 c5 4. c3 Qb6 5. Nf3 Bd7 6. a3 Bb5 7. c4 dxc4 8. Nc3 Ba6
9. d5 Ne7 10. Bxc4 Bxc4 11. Qa4+ Nd7 12. Qxc4 exd5 13. Nxd5 Qc6 14. Nc3 Ng6 15.
O-O Be7 16. Re1 Nb6 17. Qg4 O-O 18. h4 Qe6 19. Qe4 f5 20. Qxb7 Nxh4 21. Nxh4
Bxh4 22. Nb5 f4 23. Qf3 Rab8 24. a4 Nd5 25. Ra3 a6 26. Rd3 axb5 27. Qxd5 Qxd5
28. Rxd5 bxa4 29. Rxc5 Be7 30. Rc4 Rb4 31. Rxb4 Bxb4 32. Re4 Be7 33. Rxa4 g5
34. Bd2 Kf7 35. Ra7 Ke6 36. Rxe7+ 1-0

[Event "Elitserien(Astorp-Skara)"]
[Site "?"]
[Date "2004.??.??"]
[Round "4"]
[White "Jakobsen, Ole"]
[Black "Winsnes, Rikard"]
[Result "0-1"]
[WhiteElo "2363"]
[BlackElo "2502"]
[PlyCount "96"]

1. d4 Nf6 2. c4 g6 3. Nc3 d5 4. e3 Bg7 5. Qb3 e6 6. Qa3 Bf8 7. Qa4+ Bd7 8. Qb3
dxc4 9. Bxc4 Nc6 10. Be2 a5 11. Nf3 Bg7 12. O-O O-O 13. Bd2 a4 14. Qd1 a3 15.
bxa3 Re8 16. a4 e5 17. d5 Na5 18. e4 c6 19. Bg5 h6 20. Bxf6 Qxf6 21. Rb1 Red8
22. Nd2 Qg5 23. Nb3 cxd5 24. Nxa5 Rxa5 25. exd5 Bf5 26. Rb4 Rc5 27. Rc4 Rxc4
28. Bxc4 Rc8 29. Qb3 Bh3 30. g3 Qf5 31. Be2 e4 32. Nb5 Bxf1 33. Bxf1 Rc1 34.
Qe3 Rd1 35. d6 Qf3 36. Qxf3 exf3 37. h4 Be5 38. d7 Rxd7 39. Bc4 Rd1+ 40. Kh2
Rd2 41. Kg1 b6 42. Bb3 Kg7 43. Bc4 f5 44. Bb3 g5 45. hxg5 hxg5 46. Bc4 Kf6 47.
Bb3 g4 48. Bc4 Kg5 0-1

[Event "Elitserien(Astorp-Skara)"]
[Site "?"]
[Date "2004.??.??"]
[Round "4"]
[White "Hillarp Persson, Tiger"]
[Black "Ivarsson, Stefan"]
[Result "1-0"]
[WhiteElo "2564"]
[BlackElo "2280"]
[PlyCount "107"]

1. d4 f5 2. Nc3 Nf6 3. Bg5 d5 4. Bxf6 exf6 5. e3 Be6 6. Nf3 Qd7 7. Bb5 Nc6 8.
Ne2 a6 9. Ba4 b5 10. Bb3 Na5 11. O-O Bd6 12. Ne1 O-O 13. Nd3 c6 14. c3 Nxb3 15.
axb3 a5 16. Nc5 Qe7 17. Nf4 Bf7 18. Nfd3 Ra7 19. Qf3 g6 20. Ra3 Rfa8 21. Rfa1
Kg7 22. h3 h5 23. h4 Kh7 24. Kf1 Kg7 25. Ke1 Kh7 26. Kd2 Kg7 27. R1a2 Bc7 28.
b4 Bb6 29. bxa5 Rxa5 30. Rxa5 Rxa5 31. Rxa5 Bxa5 32. Qd1 Qa7 33. Qb3 Bb6 34.
Qa3 Qxa3 35. bxa3 Be8 36. g3 Kf7 37. Kc2 Ke7 38. Kb3 Kd6 39. Kb4 Bf7 40. Nb7+
Kc7 41. Ndc5 Bg8 42. Na5 Bf7 43. a4 bxa4 44. Nxa4 Ba7 45. Nb3 Be6 46. Nbc5 Bc8
47. Ka5 Bb7 48. Ne6+ Kd6 49. Nf4 g5 50. Nxh5 Ke7 51. Ng7 Bc8 52. Nb6 Bxb6+ 53.
Kxb6 Kf7 54. Kc7 1-0

[Event "Elitserien(Astorp-Skara)"]
[Site "?"]
[Date "2004.??.??"]
[Round "4"]
[White "Holmsgaard, Henrik"]
[Black "Ziegler, Ari"]
[Result "0-1"]
[WhiteElo "2319"]
[BlackElo "2433"]
[PlyCount "78"]

1. e4 e6 2. d3 d5 3. Qe2 Be7 4. Nf3 Nf6 5. g3 O-O 6. Bg2 c5 7. O-O Nc6 8. e5
Nd7 9. c4 Kh8 10. h4 f6 11. exf6 Bxf6 12. Bg5 h6 13. Bxf6 Nxf6 14. Rd1 Bd7 15.
Nbd2 Qb6 16. Nb3 Rae8 17. Qc2 d4 18. Re1 e5 19. Nfd2 Nb4 20. Qb1 Bf5 21. Ne4
Bxe4 22. Rxe4 Nxe4 23. Bxe4 Qf6 24. Qf1 b6 25. Qe2 g5 26. hxg5 Qxg5 27. Kg2 Rf6
28. Nd2 Ref8 29. Nf3 Qg4 30. a3 Na6 31. Rh1 Nc7 32. Rh4 Qg7 33. Rh5 Ne6 34. Kf1
Qf7 35. Rxe5 Ng5 36. Bd5 Qg6 37. Nh4 Rxf2+ 38. Qxf2 Qxd3+ 39. Kg1 Nh3+ 0-1

[Event "Elitserien(Astorp-Skara)"]
[Site "?"]
[Date "2004.??.??"]
[Round "4"]
[White "Eklund, Lars-Goran"]
[Black "Tallinger, Thomas"]
[Result "0-1"]
[WhiteElo "2298"]
[BlackElo "2202"]
[PlyCount "74"]

1. Nf3 Nf6 2. c4 e6 3. Nc3 Bb4 4. g4 b6 5. g5 Ng8 6. Qc2 Bb7 7. Rg1 Bxf3 8.
exf3 Nc6 9. Rg4 f5 10. gxf6 Qxf6 11. a3 Bc5 12. Bg2 Nh6 13. Ne4 Qe5 14. Rg5 Nf5
15. Kf1 Be7 16. f4 Qxf4 17. d3 Qe5 18. Rg4 O-O 19. Qc3 Nfd4 20. Be3 Nf5 21. Bf4
Qd4 22. Kg1 e5 23. Bg5 Qxc3 24. bxc3 Rae8 25. Ng3 Bc5 26. Rf1 a5 27. Be4 Nxg3
28. hxg3 Ne7 29. Kg2 c6 30. d4 exd4 31. cxd4 Bxa3 32. Rh1 Nf5 33. Bb1 Re2 34.
Kf1 Rb2 35. Be4 g6 36. Kg2 Re2 37. Bd3 Ree8 0-1

[Event "Elitserien(Astorp-Skara)"]
[Site "?"]
[Date "2004.??.??"]
[Round "4"]
[White "Josefsson, Kenneth"]
[Black "Mohammadi, Amir"]
[Result "0-1"]
[WhiteElo "2007"]
[BlackElo "2272"]
[PlyCount "114"]

1. e4 c5 2. Nf3 e6 3. d4 cxd4 4. Nxd4 Nf6 5. Nc3 d6 6. Be2 Be7 7. Be3 a6 8. Qd2
Qc7 9. f3 b5 10. a3 Bb7 11. O-O-O d5 12. e5 Nfd7 13. f4 b4 14. axb4 Bxb4 15.
Kb1 O-O 16. Qe1 Bxc3 17. Qxc3 Qxc3 18. bxc3 Rc8 19. c4 dxc4 20. Bf3 Nc5 21.
Bxb7 Nxb7 22. Ne2 a5 23. Nc3 Na6 24. Na4 Nbc5 25. Nxc5 Nxc5 26. Bxc5 Rxc5 27.
Rd4 c3 28. Rhd1 Rb5+ 29. Ka2 g5 30. Rb1 Rab8 31. Rb3 Rxb3 32. cxb3 gxf4 33.
Rxf4 Rb5 34. Rg4+ Kf8 35. Re4 Rd5 36. Ka3 Rc5 37. Re1 Kg7 38. b4 axb4+ 39. Kxb4
Rc7 40. Kb3 c2 41. Rc1 Kg6 42. Kb2 Kf5 43. Rf1+ Kxe5 44. Kc1 f5 45. g3 Kd4 46.
g4 Rc5 47. gxf5 exf5 48. Rf3 Ke4 49. Rh3 Rc7 50. Rh6 f4 51. Re6+ Kf3 52. h4 Kg2
53. Re5 f3 54. Rg5+ Kf1 55. h5 f2 56. h6 Rc4 57. Rg7 Ke2 0-1

[Event "Elitserien(Astorp-Skara)"]
[Site "?"]
[Date "2004.??.??"]
[Round "4"]
[White "Andersson, Goran"]
[Black "Petersson, Gosta"]
[Result "0-1"]
[WhiteElo "2232"]
[BlackElo "2094"]
[PlyCount "58"]

1. Nf3 d5 2. d4 Nf6 3. c4 c6 4. Nc3 dxc4 5. a4 Bf5 6. Nh4 Bc8 7. e3 e6 8. Bxc4
Bb4 9. Qb3 Qe7 10. a5 c5 11. Nf3 Nc6 12. Bb5 O-O 13. Bxc6 bxc6 14. Ne5 cxd4 15.
Nxc6 Bxc3+ 16. bxc3 Qc7 17. Nxd4 Ba6 18. f3 Rfe8 19. Bd2 Nd7 20. Kf2 Nc5 21.
Qc2 Bd3 22. Qa2 Rab8 23. Rad1 Bc4 24. Qa1 Rb2 25. Kg1 Reb8 26. e4 Ra2 27. Qc1
Nd3 28. Qc2 Rxc2 29. Nxc2 Bb3 0-1

[Event "Elitserien(Astorp-Skara)"]
[Site "?"]
[Date "2004.??.??"]
[Round "4"]
[White "Nilsson, Fredrik"]
[Black "Friberg, Hans"]
[Result "0-1"]
[WhiteElo "1712"]
[BlackElo "2198"]
[PlyCount "72"]

1. d4 Nf6 2. c4 g6 3. g3 Bg7 4. Bg2 O-O 5. Nc3 d6 6. Nf3 c5 7. O-O cxd4 8. Nxd4
Nc6 9. Nxc6 bxc6 10. Bxc6 Rb8 11. Rb1 Bh3 12. Re1 Ng4 13. Nd5 Ne5 14. Qa4 Bf5
15. Ra1 Nxc6 16. Qxc6 Bd7 17. Qa6 e6 18. Ne3 Qc7 19. Rb1 Bc6 20. Qa3 Be4 21.
Ra1 Bd4 22. Rd1 Qb6 23. Ng4 f5 24. Be3 e5 25. Nh6+ Kg7 26. Rxd4 exd4 27. Bc1 g5
28. f3 Kxh6 29. fxe4 fxe4 30. e3 Rf3 31. Bd2 dxe3 32. Bc3 e2+ 33. Kg2 Rf2+ 34.
Kh3 g4+ 35. Kxg4 Rg8+ 36. Kh3 Rxh2+ 0-1

[Event "Elitserien(Sollentuna-Wasa)"]
[Site "?"]
[Date "2004.??.??"]
[Round "4"]
[White "Webb, Simon"]
[Black "Dzevlan, Miralem"]
[Result "1-0"]
[WhiteElo "2381"]
[BlackElo "2464"]
[PlyCount "93"]

1. Nf3 g6 2. d4 Nf6 3. g3 c5 4. c3 b6 5. Bg2 Bb7 6. O-O Bg7 7. Nbd2 O-O 8. Re1
d5 9. Ne5 Nfd7 10. f4 cxd4 11. cxd4 e6 12. Ndf3 Nc6 13. Be3 Ndxe5 14. fxe5 Qe7
15. Qd2 Rac8 16. Rac1 Na5 17. b3 Rxc1 18. Rxc1 Rc8 19. Bg5 Rxc1+ 20. Qxc1 Qd7
21. Bh6 Nc6 22. Qf4 Qe7 23. Bg5 Qa3 24. Qd2 Bf8 25. h4 Nb4 26. Bh6 Qxa2 27. Qf4
Qb1+ 28. Kh2 Qf5 29. Qc1 Qc2 30. Qg5 Qc8 31. h5 Nc6 32. hxg6 hxg6 33. Bxf8 Qxf8
34. Bh3 Bc8 35. Kg2 a5 36. Nh2 Qd8 37. Qf4 Nb8 38. Ng4 Nd7 39. Nh6+ Kg7 40.
Nxf7 Qe7 41. Ng5 Nf8 42. e4 Bb7 43. Qh4 Kg8 44. Nxe6 Qxh4 45. gxh4 dxe4 46. Nc7
e3+ 47. d5 1-0

[Event "Elitserien(Sollentuna-Wasa)"]
[Site "?"]
[Date "2004.??.??"]
[Round "4"]
[White "Eriksson, Johan"]
[Black "Hellborg, Teodor"]
[Result "0-1"]
[WhiteElo "2449"]
[BlackElo "2365"]
[PlyCount "100"]

1. d4 e6 2. Nf3 c5 3. g3 Nc6 4. Bg2 d5 5. O-O Qb6 6. dxc5 Bxc5 7. c4 d4 8. Nbd2
e5 9. Ne4 Nf6 10. Nxf6+ gxf6 11. a3 a5 12. Ne1 h5 13. h4 Bg4 14. Nd3 Be7 15.
Bd2 O-O 16. Re1 a4 17. Qc1 Rfd8 18. Be4 Bf8 19. Kh2 Na5 20. Bxa5 Rxa5 21. c5
Qc7 22. Qd2 Kh8 23. Bxb7 Be6 24. Bg2 Kh7 25. Nb4 Rc8 26. c6 Bh6 27. Qd3+ f5 28.
Bh3 Kg6 29. e4 fxe4 30. Rxe4 f5 31. Re2 Bg7 32. Rae1 Qd6 33. f3 Bf6 34. Kh1 Rc5
35. Rg1 Rh8 36. g4 hxg4 37. fxg4 Kf7 38. gxf5 Bd5+ 39. Nxd5 Qxd5+ 40. Reg2 Rxh4
41. Qg3 Ke7 42. Kh2 Rxc6 43. Qf2 Rh7 44. Qd2 e4 45. Qb4+ Qd6+ 46. Qxd6+ Kxd6
47. Rg6 Ke5 48. Rg8 d3 49. Re8+ Kd4 50. Rg4 Be5+ 0-1

[Event "Elitserien(Sollentuna-Wasa)"]
[Site "?"]
[Date "2004.??.??"]
[Round "4"]
[White "Lindberg, Bosse"]
[Black "Berkell, Peder"]
[Result "1-0"]
[WhiteElo "2426"]
[BlackElo "2249"]
[PlyCount "57"]

1. d4 d5 2. Nf3 c5 3. c4 cxd4 4. cxd5 Nf6 5. Qxd4 Qxd5 6. Nc3 Qxd4 7. Nxd4 Bd7
8. Ndb5 Na6 9. Bf4 g6 10. e4 Bg7 11. O-O-O Bc6 12. f3 O-O 13. Nd4 Rfc8 14. Nxc6
Rxc6 15. Bb5 Rcc8 16. g4 Nb4 17. Kb1 a6 18. Ba4 b5 19. Bb3 Rd8 20. e5 Ne8 21.
Nd5 Nxd5 22. Bxd5 Rac8 23. Bb7 Rxd1+ 24. Rxd1 Rc4 25. Be3 Nc7 26. Rd8+ Bf8 27.
Bd5 Ne6 28. Bxe6 fxe6 29. Bh6 1-0

[Event "Elitserien(Sollentuna-Wasa)"]
[Site "?"]
[Date "2004.??.??"]
[Round "4"]
[White "Collett, Peter"]
[Black "Eriksson, Jonas"]
[Result "1-0"]
[WhiteElo "2245"]
[BlackElo "2370"]
[PlyCount "51"]

1. d4 d6 2. e4 g6 3. Nc3 c6 4. Bc4 b5 5. Bd3 Bg7 6. Nf3 Bg4 7. Be3 b4 8. Ne2
Bxf3 9. gxf3 Nd7 10. Qd2 Rb8 11. O-O-O a5 12. h4 a4 13. h5 e5 14. hxg6 hxg6 15.
Rxh8 Bxh8 16. f4 a3 17. b3 exd4 18. Bxd4 Bxd4 19. Nxd4 Qf6 20. Qe3 Ne7 21. Bc4
c5 22. Nb5 Qb2+ 23. Kd2 Rb6 24. Ke1 Qf6 25. Rxd6 Rxd6 26. e5 1-0

[Event "Elitserien(Farsta-Passanten)"]
[Site "?"]
[Date "2004.??.??"]
[Round "4"]
[White "Jaderberg, Bjorn"]
[Black "Hahlin, Lars-Ola"]
[Result "1-0"]
[WhiteElo "2275"]
[BlackElo "2126"]
[PlyCount "71"]

1. c4 Nf6 2. Nc3 g6 3. g3 Bg7 4. Bg2 d6 5. d4 O-O 6. Nf3 Nbd7 7. O-O e5 8. e3
Qe7 9. b3 Rd8 10. Ba3 c5 11. Qc2 e4 12. Ng5 cxd4 13. exd4 e3 14. Nb5 Ng4 15.
Nxf7 exf2+ 16. Rxf2 Ndf6 17. Nxd8 Qxd8 18. Re2 a6 19. Nxd6 Qa5 20. Bc5 Bh6 21.
Rae1 Bd7 22. h3 b6 23. Nb7 Qxe1+ 24. Rxe1 Ne3 25. Rxe3 Bxe3+ 26. Kh2 bxc5 27.
Nxc5 Bf5 28. Qc3 Re8 29. b4 Bf2 30. Qb2 Be1 31. g4 Bxg4 32. hxg4 Nxg4+ 33. Kh1
Bg3 34. Bd5+ Kh8 35. Ne6 Re7 36. Bf3 1-0

[Event "Elitserien(Farsta-Passanten)"]
[Site "?"]
[Date "2004.??.??"]
[Round "4"]
[White "Lundin, Anders"]
[Black "Lindeman, Sven"]
[Result "1-0"]
[WhiteElo "2219"]
[BlackElo "2243"]
[PlyCount "63"]

1. d4 Nf6 2. c4 e6 3. Nf3 c5 4. d5 exd5 5. cxd5 d6 6. Nc3 g6 7. e4 Bg7 8. Bg5
h6 9. Bh4 a6 10. Nd2 b5 11. Be2 O-O 12. Qc2 Re8 13. a4 b4 14. Nd1 g5 15. Bg3
Qe7 16. Ne3 Nxe4 17. Nxe4 Qxe4 18. Bd3 Qxd5 19. O-O Rxe3 20. fxe3 Qe6 21. Rad1
b3 22. Qe2 d5 23. Bf5 Qc6 24. Bxc8 Qxc8 25. Rxd5 Nd7 26. Qf3 Nf6 27. Rd6 g4 28.
Qf4 c4 29. Rxf6 c3 30. Rxf7 Qe6 31. Rxg7+ Kxg7 32. Qe5+ 1-0

[Event "Elitserien(Farsta-Passanten)"]
[Site "?"]
[Date "2004.??.??"]
[Round "4"]
[White "Lamm, Steffen"]
[Black "Johansson, Carl-Fredrik"]
[Result "1/2-1/2"]
[WhiteElo "2223"]
[BlackElo "2213"]
[PlyCount "69"]

1. e4 c5 2. Nc3 Nc6 3. f4 e6 4. Nf3 a6 5. d3 d5 6. e5 f6 7. exf6 Nxf6 8. g3 Bd6
9. Bg2 O-O 10. O-O Bd7 11. Ne2 Qe8 12. c3 e5 13. fxe5 Nxe5 14. Nxe5 Bxe5 15.
Nf4 Bxf4 16. Bxf4 Qd8 17. Qd2 Bc6 18. Rae1 Qd7 19. Bg5 Rae8 20. Rxe8 Qxe8 21.
Bxf6 Rxf6 22. Rxf6 gxf6 23. d4 c4 24. h4 Qe6 25. Qf4 Kg7 26. Qc7+ Kg8 27. Qd8+
Kg7 28. Qc7+ Kg8 29. Qd8+ Kg7 30. Kh2 Qe2 31. Qc7+ Kg8 32. Qf4 Kg7 33. Qc7+ Kg8
34. Qb6 Kg7 35. Qc7+ 1/2-1/2

[Event "Elitserien(SodraSASS-Rockaden)"]
[Site "?"]
[Date "2004.??.??"]
[Round "4"]
[White "Furhoff, Johan"]
[Black "Hermansson, Emil"]
[Result "0-1"]
[WhiteElo "2416"]
[BlackElo "2478"]
[PlyCount "82"]

1. e4 c6 2. d4 d5 3. Nd2 dxe4 4. Nxe4 Bf5 5. Ng3 Bg6 6. h4 h6 7. Nf3 Nd7 8. h5
Bh7 9. Bd3 Bxd3 10. Qxd3 e6 11. Bd2 Ngf6 12. O-O-O Be7 13. Ne4 O-O 14. Rdg1
Nxe4 15. Qxe4 Nf6 16. Qe2 Qd5 17. Kb1 c5 18. g4 Qe4 19. Qd1 Nxg4 20. Rxg4 Qxg4
21. Bxh6 Qf5 22. Qg1 Qh7 23. Be3 cxd4 24. Bxd4 f6 25. Nh4 Rfd8 26. Bc3 Qxh5 27.
Ng6 Qc5 28. Qg4 Kf7 29. Nxe7 Qg5 30. Qe4 Rd7 31. Re1 Rxe7 32. Bb4 Ree8 33.
Qxb7+ Kg8 34. a3 a5 35. Bc3 Qd5 36. Qc7 Rac8 37. Qg3 e5 38. Rg1 Re7 39. Qe3 Rd7
40. f3 Rc4 41. Qb6 Rxc3 0-1

[Event "Elitserien(SodraSASS-Rockaden)"]
[Site "?"]
[Date "2004.??.??"]
[Round "4"]
[White "Karlsson, Lars"]
[Black "Sjoberg, Mats"]
[Result "0-1"]
[WhiteElo "2569"]
[BlackElo "2389"]
[PlyCount "83"]

1. Nf3 c5 2. c4 g6 3. g3 b6 4. Bg2 Bb7 5. O-O Bg7 6. Nc3 Nc6 7. e3 Nf6 8. d4
Na5 9. b3 O-O 10. Bb2 cxd4 11. exd4 d5 12. Ne5 Rc8 13. Re1 Re8 14. Rc1 e6 15.
c5 Nd7 16. cxb6 Nxe5 17. dxe5 Qxb6 18. Na4 Rxc1 19. Qxc1 Qd8 20. Nc5 Ba8 21.
Qd2 Nc6 22. b4 Qe7 23. Nd3 Rb8 24. a3 a5 25. Ra1 axb4 26. axb4 Na7 27. Qc2 Nb5
28. Ra5 Qe8 29. Bf1 Bc6 30. h4 h5 31. Qd1 Qd8 32. Qa1 Bf8 33. Bc1 d4 34. Bg2
Bxg2 35. Kxg2 Qd5+ 36. Kg1 Qe4 37. Ra3 Nxa3 38. Qxa3 Bxb4 39. Qa7 Ra8 40. Qb6
Bf8 41. Qb3 Rc8 42. Bd2 0-1

[Event "Elitserien(SodraSASS-Rockaden)"]
[Site "?"]
[Date "2004.??.??"]
[Round "4"]
[White "Winge, Stefan"]
[Black "Barkhagen, Jonas"]
[Result "0-1"]
[WhiteElo "2346"]
[BlackElo "2521"]
[PlyCount "76"]

1. e4 e5 2. Bc4 Bc5 3. Nf3 Nc6 4. d3 Nf6 5. O-O d6 6. c3 O-O 7. Re1 a6 8. Nbd2
Ba7 9. Bb3 Ng4 10. Re2 Kh8 11. h3 Nh6 12. Nf1 f5 13. Bg5 Qe8 14. exf5 Nxf5 15.
Kh2 Qg6 16. Qd2 h6 17. Be3 Nxe3 18. Nxe3 Bd7 19. Bd5 Qf6 20. Ne1 Nd8 21. g3 Bc6
22. Bg2 Bxg2 23. N1xg2 Ne6 24. Rf1 Qf3 25. Nh4 Qh5 26. f3 Ng5 27. Kg2 Rf7 28.
Qe1 Ne6 29. Kh2 Raf8 30. g4 Qg5 31. Nhf5 g6 32. h4 Qd8 33. Nxh6 Rh7 34. g5 Bxe3
35. Rxe3 Nxg5 36. hxg5 Qxg5 37. Qg3 Rxh6+ 38. Kg2 Qxe3 0-1

[Event "Elitserien(SodraSASS-Rockaden)"]
[Site "?"]
[Date "2004.??.??"]
[Round "4"]
[White "Wiedenkeller, Michael"]
[Black "Lundvik, Jonas"]
[Result "1/2-1/2"]
[WhiteElo "2519"]
[BlackElo "2303"]
[PlyCount "71"]

1. d4 d5 2. c4 e6 3. Nc3 Nf6 4. Bg5 dxc4 5. e4 Bb4 6. Bxc4 h6 7. Bxf6 Qxf6 8.
Nge2 O-O 9. O-O Nc6 10. e5 Qh4 11. g3 Qg4 12. f3 Qg5 13. f4 Qe7 14. Qd3 Rd8 15.
Rad1 Nxd4 16. Kg2 Nc6 17. Qe4 Bd7 18. Bd3 g6 19. Qf3 Bxc3 20. Nxc3 Nd4 21. Qf2
Bc6+ 22. Be4 Qb4 23. Rfe1 Qc4 24. Rc1 Kg7 25. h4 h5 26. Kh3 Rac8 27. Ne2 Qa4
28. Nxd4 Qxd4 29. Qxd4 Rxd4 30. Bxc6 bxc6 31. Re2 Ra4 32. a3 Ra6 33. Rec2 Rb6
34. b4 Ra6 35. Rxc6 Rxa3 36. Rxc7 1/2-1/2

[Event "Elitserien(SodraSASS-Rockaden)"]
[Site "?"]
[Date "2004.??.??"]
[Round "4"]
[White "Holmqvist, Gunnar"]
[Black "Hedman, Erik"]
[Result "0-1"]
[WhiteElo "2270"]
[BlackElo "2433"]
[PlyCount "140"]

1. Nf3 d5 2. c4 e6 3. d4 Be7 4. Nc3 Nf6 5. Bg5 Nbd7 6. cxd5 Nxd5 7. Nxd5 exd5
8. Bxe7 Qxe7 9. e3 Nb6 10. Qc2 Qb4+ 11. Qd2 Qxd2+ 12. Kxd2 Bf5 13. Bd3 Bxd3 14.
Kxd3 Nc4 15. Rab1 c6 16. Nd2 Nd6 17. Rhc1 a5 18. a4 Kd7 19. f3 Rhe8 20. e4
dxe4+ 21. fxe4 f6 22. Nc4 Ra7 23. Nxd6 Kxd6 24. Rc5 b6 25. Rf5 Rae7 26. Re1 Re6
27. Rh5 h6 28. Rh4 c5 29. Rh5 cxd4 30. Rd5+ Kc7 31. Rc1+ Rc6 32. Rxc6+ Kxc6 33.
Kxd4 Re6 34. e5 fxe5+ 35. Rxe5 Rxe5 36. Kxe5 b5 37. Kf5 bxa4 38. Kg6 Kc5 39.
Kxg7 Kc4 40. Kxh6 Kb3 41. g4 Kxb2 42. g5 a3 43. g6 a2 44. g7 a1=Q 45. g8=Q Qc1+
46. Kg6 Qg1+ 47. Kf7 Qxh2 48. Qg7+ Kb3 49. Kg8 Qf4 50. Qb7+ Kc3 51. Qg7+ Kc4
52. Qd7 Qg5+ 53. Kh7 Qh5+ 54. Kg7 Qe5+ 55. Kg6 Qe4+ 56. Kh6 Qe3+ 57. Kh5 Kb4
58. Qb7+ Ka3 59. Qd5 a4 60. Qd6+ Kb3 61. Qd5+ Kb4 62. Kg4 Qc3 63. Qd6+ Kb3 64.
Qd1+ Ka3 65. Kf5 Kb4 66. Qb1+ Ka5 67. Qb7 Qc5+ 68. Ke4 Qb4+ 69. Qxb4+ Kxb4 70.
Kd3 Kb3 0-1

[Event "Elitserien(SodraSASS-Rockaden)"]
[Site "?"]
[Date "2004.??.??"]
[Round "4"]
[White "Wessman, Richard"]
[Black "Werner, Lennart"]
[Result "1-0"]
[WhiteElo "2188"]
[BlackElo "2501"]
[PlyCount "83"]

1. c4 e5 2. Nc3 Nc6 3. e3 Nf6 4. Nf3 Bb4 5. Qc2 O-O 6. Nd5 h6 7. a3 Be7 8. Be2
d6 9. O-O Bg4 10. d3 Qd7 11. b4 Rae8 12. Bb2 Nd8 13. Rac1 Bf5 14. Rfd1 Ne6 15.
Nxe7+ Rxe7 16. c5 Nh7 17. c6 bxc6 18. Qxc6 Nd8 19. Qxd7 Rxd7 20. d4 e4 21. Nh4
Bg6 22. Bg4 Re7 23. Bf5 Bxf5 24. Nxf5 Rd7 25. d5 f6 26. Rc4 Re8 27. Rdc1 g6 28.
Ng3 Ree7 29. Nxe4 Kf7 30. Nc3 a6 31. b5 a5 32. Na4 f5 33. h3 Nf6 34. Bxf6 Kxf6
35. Nb2 Ke5 36. Nd3+ Kf6 37. Ra4 Nb7 38. Rc6 Re8 39. Rac4 Ree7 40. Ra6 g5 41.
Ra7 Re4 42. Rc3 1-0

[Event "Elitserien(SodraSASS-Rockaden)"]
[Site "?"]
[Date "2004.??.??"]
[Round "4"]
[White "Broden, Per"]
[Black "Bator, Robert"]
[Result "0-1"]
[WhiteElo "2026"]
[BlackElo "2495"]
[PlyCount "88"]

1. e4 c5 2. Nf3 d6 3. c3 Nf6 4. d3 g6 5. Be2 Bg7 6. O-O O-O 7. h3 e5 8. Be3 Re8
9. Nh2 Nc6 10. Ng4 Nxg4 11. hxg4 b6 12. Bf3 Be6 13. Nd2 Qd7 14. Re1 Rad8 15.
Qe2 Ne7 16. c4 b5 17. g5 bxc4 18. dxc4 Nc6 19. b3 a5 20. Qd3 Ra8 21. Bd1 Qe7
22. Nf1 Bd7 23. Nh2 a4 24. Be2 Ra6 25. Qc3 Nd4 26. Rab1 axb3 27. axb3 Ra2 28.
Bd1 Bc6 29. Qd3 Ne6 30. Nf3 Qb7 31. Nd2 Bf8 32. Bg4 Nd4 33. f3 Qb4 34. Kf1 Rea8
35. Rec1 Be7 36. g3 Bd8 37. f4 Ba5 38. Rd1 Qb7 39. Bxd4 exd4 40. Bf3 Bxd2 41.
Rxd2 Rxd2 42. Qxd2 Bxe4 43. Bxe4 Qxe4 44. Rd1 Ra2 0-1

[Event "Elitserien(Skara-Limhamn)"]
[Site "?"]
[Date "2004.??.??"]
[Round "5"]
[White "Eriksson, Magnus"]
[Black "Winsnes, Rikard"]
[Result "1/2-1/2"]
[WhiteElo "2431"]
[BlackElo "2502"]
[PlyCount "83"]
[EventDate "2004.??.??"]

1. d4 Nf6 2. c4 g6 3. Nc3 d5 4. Nf3 Bg7 5. Bg5 Ne4 6. cxd5 Nxg5 7. Nxg5 e6 8.
Nf3 exd5 9. b4 Qd6 10. b5 a6 11. a4 Bg4 12. e3 axb5 13. Bxb5+ c6 14. Be2 O-O
15. O-O Nd7 16. Qd2 f5 17. Rab1 b6 18. Rfd1 Rae8 19. Ne1 Bxe2 20. Nxe2 g5 21.
g3 Rf6 22. Nd3 Rh6 23. f4 gxf4 24. gxf4 Kh8 25. Ng3 Rg8 26. Rf1 Qe7 27. Rf2 Qh4
28. Rg2 Bf6 29. Rf1 Qh3 30. Ne5 Nxe5 31. fxe5 Bh4 32. Rf3 Bxg3 33. Rfxg3 Rxg3
34. Rxg3 Rg6 35. Qf2 Kg7 36. Qf4 Qh5 37. e6 Qd1+ 38. Kg2 Qe2+ 39. Kg1 Qe1+ 40.
Kg2 Qe2+ 41. Kg1 Qe1+ 42. Kg2 1/2-1/2